Statistics for Largest European Cities by Letter - F

Click here to take the quiz!

General Stats

  • This quiz has been taken 202 times
  • The average score is 3 of 5

Answer Stats

RankPopulationCountryHintCity% Correct
1644'000GermanyFinancial capitalFrankfurt am Main
98%
2382'000ItalyBirthplace of RenaissanceFlorence
96%
4202'000GermanyBlack ForestFreiburg im Breisgau
41%
5156'000ItalyCathedral of Santa Maria de FoveaFoggia
18%
3349'000United KingdomHome of GolfFife
16%

Score Distribution

Percentile by Number Answered

Percent of People with Each Score

Your Score History

You have not taken this quiz